000 01141nam a22002657a 4500
001 0000003578
003 PPM
005 20260416154044.0
008 260416b ||||| |||| 00| 0 eng d
020 _a9679933598
_cRM 30.00
_qPaperback
035 _a0000003578
040 _bMalay
_cPusat Penyelidikan Mineral, Jabatan Mineral Dan Geosains Malaysia
_dPPM
_eRDA
082 0 0 _222
_a352.6309
_bABD 1999
100 1 _aAbdul Halim Ali, Tan Sri
_eauthor
245 1 0 _aKe arah Kecemerlangan dan Kesejahteraan Perkhidmatan Awam Di Alaf Baru = Towards An Excellent and Caring Public Service For The Next Millennium : Selected Speeches of Tan Sri Abdul Halim Ali, Chief Secretary to the government, Malaysia /
_coleh Abdul Rahim Ali
260 1 _aKuala Lumpur :
_bInstitut Tadbiran Awam Negara,
_c1999
300 0 0 _axviii, 251 pages .:
_billustrations .;
_c21 cm
650 1 0 _aCivil service
_z Malaysia
650 2 0 _aQuality assurance
_zMalaysia
650 2 0 _aInformation technology
_zMalaysia
650 2 0 _aCivil service reform
_zMalaysia
650 2 0 _aISO 9000 Series Standards
710 2 _aInstitut Tadbiran Awam Negara
942 _2ddc
_cBK
999 _c27200
_d27200